| 000 | 00648cam a2200277 4500 | ||
|---|---|---|---|
| 008 | 090401t1994 xxu||||| |||| 00| 0 eng d | ||
| 020 | _a0406028796 | ||
| 035 | _a(Sirsi) u30115 | ||
| 041 | _aeng | ||
| 050 | _a340.0942 | ||
| 100 | _aCard, Richard | ||
| 245 | _aLaw for estate management students. | ||
| 250 | _a4th ed. | ||
| 260 |
_aLondon _bButterworths _c1994 |
||
| 300 | _alxvi,733p. ; 24cm. | ||
| 350 | _a22.95 | ||
| 650 | _aCONTRACT | ||
| 650 | _aESTATE MANAGEMENT | ||
| 650 | _aLAND LAW | ||
| 650 | _aTORT | ||
| 690 | _aLAW | ||
| 700 | _aMurdoch, John | ||
| 700 | _aMurdoch, Sandi | ||
| 942 | _n0 | ||
| 948 | _c04/03/1997 | ||
| 999 |
_c89473 _d89473 |
||